Introduction to natural products chemistry / (رقم التسجيلة. 25951)
[ عرض عادي ]
| 000 -الفاتح | |
|---|---|
| حقل البيانات ثابتة الطول | 01086cam a22003014a 4500 |
| 001 - رقم الضبط | |
| رقم الضبط | 16847294 |
| 003 - محدد رقم الضبط | |
| رقم الضبط | OSt |
| 005 - وقت وتاريخ اخر تعامل مع التسجيلة | |
| رقم الضبط | 20150408114059.0 |
| 008 - عناصر البيانات ثابتة الطول - معلومات عامة | |
| حقل البيانات ثابتة الطول | 110628s2012 cc a b 001 0 eng |
| 010 ## - رقم ضبط مكتبة الكونجرس | |
| رقم ضبط مكتبة الكونجرس | 2011021605 |
| 020 ## - الرقم الدولى المعيارى للكتب | |
| الرقم الدولى المعيارى للكتاب | 9781439860762 (hardcover) |
| 040 ## - مصدر الفهرسة | |
| وكالة الفهرسة الأصلية | DLC |
| وكالة النسخ | DLC |
| وكالة التعديل | DLC |
| 050 00 - رقم طلب مكتبة الكونجرس | |
| رقم التصنيف | QD415 |
| رقم المادة | .T5413 2012 |
| 082 00 - رقم تصنيف ديوى العشرى | |
| رقم التصنيف | 547 |
| رقم الطبعة | 23 |
| رقم المادة | INN |
| 130 0# - المدخل الرئيسى - عنوان موحد | |
| عنوان موحد | Tian ran chan wu hua xue. |
| لغة العمل | English |
| 9 (RLIN) | 17222 |
| 245 10 - بيان العنوان | |
| العنوان | Introduction to natural products chemistry / |
| بيان المسئوليه,etc | edited by Rensheng Xu, Yang Ye, Weimin Zhao. |
| 260 ## - PUBLICATION, DISTRIBUTION, ETC. (IMPRINT) | |
| مكان الناشر او الموزع | Beijing : |
| اسم الناشر او الموزع | Science Press ; |
| مكان الناشر او الموزع | Boca Raton : |
| اسم الناشر او الموزع | CRC Press, |
| تاريخ النشر أو التوزيع | c2012. |
| 300 ## - الوصف المادى | |
| التعداد | xviii, 363 p. : |
| تفاصيل ماديه اخرى للوعاء | ill. ; |
| أبعاد الوعاء | 26 cm. |
| 504 ## - تبصرة ببليوجرافية | |
| تبصرة ببليوجرافية,الخ | Includes bibliographical references and index. |
| 650 #0 - المدخل الاضافى بالموضوع-مصطلح موضوعى | |
| مصطلح موضوعي أو اسم جغرافي كعنصر مدخل | Natural products |
| التقسيم الفرعي العام | Analysis. |
| 9 (RLIN) | 17223 |
| 650 #0 - المدخل الاضافى بالموضوع-مصطلح موضوعى | |
| مصطلح موضوعي أو اسم جغرافي كعنصر مدخل | Biochemistry. |
| 700 1# - المدخل الاضافى - اسم شخصى | |
| الإسم الشخصى | Xu, Rensheng, |
| التواريخ المصاحبة للاسم | 1931- |
| 9 (RLIN) | 17224 |
| 700 1# - المدخل الاضافى - اسم شخصى | |
| الإسم الشخصى | Ye, Yang, |
| التواريخ المصاحبة للاسم | 1965- |
| 9 (RLIN) | 17225 |
| 700 1# - المدخل الاضافى - اسم شخصى | |
| الإسم الشخصى | Zhao, Weimin, |
| التواريخ المصاحبة للاسم | 1966- |
| 9 (RLIN) | 17226 |
| 906 ## - عنصر بيانات محلى F, LDF (RLIN) | |
| a | 7 |
| b | cbc |
| c | orignew |
| d | 1 |
| e | ecip |
| f | 20 |
| g | y-gencatlg |
| 942 ## - عناصر المدخل الإضافي( كوها) | |
| مصدر التصنيف او مخطط الترفيف | Dewey Decimal Classification |
| Koha [default] item type | DVD |
| حالة الفقد | نموذج السعر الفعال | حالة تلف | ليس للاعارة | رقم الطلب | تاريخ الاكتساب | الموقع الحالي | الباركود | الفرع الرئيسي | Date last seen | نوع المادة فى نظام كوها | مصدر التصنيف او خطة الترفيف | Total Checkouts | Date last checked out |
|---|---|---|---|---|---|---|---|---|---|---|---|---|---|
| 2013-03-10 | INN 547 | 2012-09-18 | المكتبة المركزية بالمجمعة (CL) | 00400015 | المكتبة المركزية بالمجمعة (CL) | 2013-03-10 | كتاب | Dewey Decimal Classification | |||||
| 2013-03-10 | 547 INN | 2012-12-28 | المكتبة المركزية بالمجمعة (CL) | 00400435 | المكتبة المركزية بالمجمعة (CL) | 2023-06-18 | كتاب | Dewey Decimal Classification | 1 | 2023-02-19 | |||
| 2013-03-10 | 547 INN | 2012-12-28 | المكتبة المركزية بالمجمعة (CL) | 00400436 | المكتبة المركزية بالمجمعة (CL) | 2024-01-15 | كتاب | Dewey Decimal Classification | 1 | 2023-08-23 |
